000 01587cam a2200349 i 4500
001 1460921313
003 OCoLC
005 20251119173725.0
008 250731s2025 nyua d 6 000 1 eng d
010 _a2025055393
020 _a9781665930161
020 _a9781665930178
040 _aGCmBT
_beng
_erda
_cGCmBT
_dUtOrBLW
050 1 4 _aPZ7.7.G394
_bNe 2025
100 1 _aGarrity, Shaenon K.,
_eauthor.
_938635
245 1 4 _aThe nefarious nights of Willowweep Manor /
_cShaenon K. Garrity ; Christopher Baldwin.
250 _aFirst Margaret K. McElderry Book paperback edition.
300 _a214 pages :
_bcolor illustrations ;
_c24 cm.
500 _aSequel to: The dire days of Willowweep manor.
520 _a"Haley is summoned back to the Willowweep pocket universe to deal with a huge crisis: another pocket universe is collapsing, and the survivors are seeking refuge in Willowweep...One by one, all her friends disappear, and it's up to Haley to get to the bottom of this mind-boggling mystery"--
650 0 _aManors
_vComic books, strips, etc.
_938636
650 0 _aMultiverse
_vComic books, strips, etc.
_938637
650 0 _aGood and evil
_vComic books, strips, etc.
650 0 _aCharacters and characteristics in literature
_vComic books, strips, etc.
_955233
650 0 _aSpace and time
_vComic books, strips, etc.
_955234
650 0 _aYoung adult fiction.
655 7 _aGraphic novels.
_2lcgft.
655 7 _aComics (Graphic works)
_2lcgft.
655 7 _aFantasy comics.
_2lcgft.
700 1 _aBaldwin, Christopher,
_d1973-
_eartist.
_938638
942 _2ddc
_cBK
999 _c129394
_d129394